[Event "Andorra open"]
[Site "Escaldes"]
[Date "2023.07.24"]
[Round "3.14"]
[White "Ortega Lopez, Mikel"]
[Black "Kogan, Arthur"]
[Result "0-1"]
[WhiteElo "2240"]
[BlackElo "2482"]
[PlyCount "60"]
[EventDate "2023.07.22"]
[EventCountry "AND"]

1. e4 c5 2. Nf3 e6 3. d4 cxd4 4. Nxd4 Nc6 5. Nc3 Qc7 6. Be3 a6 7. Qd2 Nf6 8. f4
Bb4 9. Bd3 e5 10. Nxc6 bxc6 11. a3 Ba5 12. b4 Bb6 13. Bxb6 Qxb6 14. Na4 Qa7 15.
fxe5 Qd4 16. c3 Qxe5 17. Nb6 Nxe4 18. Qe3 Qxc3+ 19. Ke2 Qb2+ 20. Kf3 Qf6+ 21.
Ke2 d5 22. Bxe4 O-O 23. Nxa8 Bg4+ 24. Kd2 dxe4 25. Kc2 Rxa8 26. Rhf1 Qe6 27. h3
Rd8 28. Rae1 Rd3 29. Qxd3 exd3+ 30. Kc3 Be2 0-1

[Event "Andorra open"]
[Site "Escaldes"]
[Date "2023.07.24"]
[Round "3.15"]
[White "Shyaamnikhil, P.."]
[Black "Pla Almenar, Nel"]
[Result "1/2-1/2"]
[WhiteElo "2473"]
[BlackElo "2050"]
[PlyCount "98"]
[EventDate "2023.07.22"]
[EventCountry "AND"]

1. e4 c5 2. Nf3 e6 3. d4 cxd4 4. Nxd4 Nf6 5. Nc3 Nc6 6. a3 Be7 7. Be2 d5 8.
exd5 Nxd5 9. Nxd5 exd5 10. O-O O-O 11. Be3 Bf6 12. c3 Re8 13. Bb5 Qd6 14. Re1
Bd7 15. Nb3 a6 16. Bf1 Bf5 17. Qd2 Be5 18. f4 Bf6 19. Bf2 Qc7 20. g3 Be4 21.
Nc5 Rad8 22. Re3 Na5 23. Nxe4 dxe4 24. Qe2 Nb3 25. Rd1 Nc5 26. b4 Rxd1 27. Qxd1
Rd8 28. Qe1 Ne6 29. Bh3 Nf8 30. Rxe4 Bxc3 31. Qc1 Qc6 32. Bg2 Qf6 33. Re2 b5
34. Kh1 Bd4 35. Be1 h5 36. Qc6 Rd6 37. Qa8 Rd8 38. Qc6 Rd6 39. Qf3 h4 40. gxh4
Bb6 41. h3 Ne6 42. f5 Nf8 43. Bf1 Rd1 44. Kg2 Rc1 45. Bd2 Rc2 46. Be1 Rc1 47.
Bd2 Rc2 48. Qd3 Qc6+ 49. Qf3 Qf6 1/2-1/2

[Event "Andorra open"]
[Site "Escaldes"]
[Date "2023.07.24"]
[Round "3.16"]
[White "Palomo Teruel, Xavier"]
[Black "Bilych, Olexiy"]
[Result "0-1"]
[WhiteElo "2096"]
[BlackElo "2437"]
[PlyCount "76"]
[EventDate "2023.07.22"]
[EventCountry "AND"]

1. d4 Nf6 2. c4 e6 3. Nf3 d5 4. g3 dxc4 5. Bg2 Bb4+ 6. Bd2 a5 7. a3 Bxd2+ 8.
Nbxd2 b5 9. b3 cxb3 10. Qxb3 c6 11. O-O O-O 12. Rfc1 Bb7 13. Qb2 Nd5 14. Ne5
Qe7 15. Ne4 Rc8 16. Nc5 Na6 17. Ned3 Nxc5 18. Nxc5 Ra7 19. Bxd5 exd5 20. Rc3
Rc7 21. Rac1 Bc8 22. Nd3 Bd7 23. Ne5 Qd6 24. Qc2 b4 25. axb4 axb4 26. Rc5 Ra6
27. Qd2 Rb6 28. Rb1 b3 29. Rc3 Rcb7 30. Qe3 b2 31. Nd3 Bf5 32. Qe8+ Qf8 33.
Qxf8+ Kxf8 34. Kf1 Rb4 35. Rxc6 Bxd3 36. exd3 Ra4 37. Rc8+ Ke7 38. Re1+ Kd7 0-1

[Event "Andorra open"]
[Site "Escaldes"]
[Date "2023.07.24"]
[Round "3.17"]
[White "Luke Brezmes, Cristofer"]
[Black "Arpan, Das (Jr)"]
[Result "0-1"]
[WhiteElo "2087"]
[BlackElo "2365"]
[PlyCount "94"]
[EventDate "2023.07.22"]
[EventCountry "AND"]

1. e4 c6 2. d4 d5 3. exd5 cxd5 4. Bd3 Nc6 5. c3 Nf6 6. Bf4 Bg4 7. Qb3 Qd7 8.
Nd2 e6 9. Ngf3 Bd6 10. Ne5 Qc7 11. O-O Nd7 12. Rfe1 Bh5 13. Bg3 Ncxe5 14. dxe5
Bc5 15. Qa4 a6 16. Qh4 Bg6 17. Bxg6 fxg6 18. Nf3 Qc6 19. b4 Bb6 20. Rac1 O-O
21. c4 dxc4 22. Rxc4 Qd5 23. Rf4 Rxf4 24. Bxf4 Rf8 25. Bg3 h6 26. Qg4 Kh7 27.
h4 Rc8 28. Qf4 Kg8 29. Rc1 Rxc1+ 30. Qxc1 Nf8 31. Qc2 Bd8 32. Nd2 Qd4 33. Nc4
Bxh4 34. Bxh4 Qxh4 35. Nd6 Qxb4 36. Kf1 Qd4 37. g3 Qa1+ 38. Kg2 Qxe5 39. Qc7
Qd5+ 40. Kg1 Qd1+ 41. Kg2 Qd5+ 42. Kg1 e5 43. Ne8 Ne6 44. Qe7 e4 45. Nd6 Ng5
46. Ne8 Qf7 47. Qd8 Kh7 0-1

[Event "Andorra open"]
[Site "Escaldes"]
[Date "2023.07.24"]
[Round "3.18"]
[White "Roman Lopez, Jesus"]
[Black "Romero Pallares, Daniel"]
[Result "1/2-1/2"]
[WhiteElo "2005"]
[BlackElo "2275"]
[PlyCount "114"]
[EventDate "2023.07.22"]
[EventCountry "AND"]

1. e4 c5 2. d4 cxd4 3. c3 dxc3 4. Nxc3 Nc6 5. Nf3 e6 6. Bc4 Bb4 7. O-O Nge7 8.
Nb5 d5 9. exd5 exd5 10. Bxd5 Nxd5 11. Qxd5 O-O 12. Qxd8 Rxd8 13. Nc7 Rb8 14.
Bf4 Bg4 15. a3 Be7 16. Ne5 Nxe5 17. Bxe5 Rbc8 18. h3 Bd7 19. Nd5 Bf8 20. Rad1
Ba4 21. Rd4 Bb3 22. Nf6+ Kh8 23. Ng4 Rxd4 24. Bxd4 b6 25. Re1 Be6 26. Ne3 Kg8
27. f4 f6 28. g4 Kf7 29. Kf2 Bd6 30. Kf3 Bd7 31. f5 Bc6+ 32. Kf2 Bb7 33. Rd1
Be7 34. Rd2 Be4 35. Ng2 g5 36. Ne1 h5 37. Re2 Bd5 38. Rd2 hxg4 39. hxg4 Rh8 40.
Nf3 Rd8 41. Be3 Ke8 42. b4 Bb7 43. Nd4 Rd5 44. Rc2 Kd7 45. Ne6 Bc6 46. Bd4 a5
47. Ke3 axb4 48. axb4 Rb5 49. Rc4 Bd5 50. Rc7+ Kd6 51. Rxe7 Kxe7 52. Nc7 Bc6
53. Nxb5 Bxb5 54. Bxb6 Ba4 55. Bc5+ Kd7 56. Kf3 Bd1+ 57. Kg3 Be2 1/2-1/2

[Event "Andorra open"]
[Site "Escaldes"]
[Date "2023.07.24"]
[Round "3.19"]
[White "Ayats Llobera, Gerard"]
[Black "Ohler, Julius"]
[Result "0-1"]
[WhiteElo "2452"]
[BlackElo "2141"]
[PlyCount "104"]
[EventDate "2023.07.22"]
[EventCountry "AND"]

1. e4 c6 2. d4 d5 3. e5 Bf5 4. Nf3 e6 5. Be2 Nd7 6. O-O h6 7. Nbd2 Ne7 8. Nb3
g5 9. Ne1 Qc7 10. Nd3 Bg7 11. f4 O-O-O 12. Bd2 Ng6 13. g3 gxf4 14. Nxf4 Nxf4
15. Bxf4 Bf8 16. c3 Rg8 17. Qd2 f6 18. exf6 Bd6 19. f7 Rg7 20. Bxd6 Qxd6 21.
Bd3 Bxd3 22. Qxd3 Rf8 23. Qe3 e5 24. dxe5 Nxe5 25. Rf5 Nc4 26. Qf2 Qc7 27. Re1
Rgxf7 28. Rxf7 Qxf7 29. Qxa7 h5 30. Qd4 h4 31. Qg4+ Kb8 32. Qe2 hxg3 33. hxg3
Qg6 34. Kg2 Rh8 35. Qe7 Qc2+ 36. Re2 Qd1 37. Re1 Qc2+ 38. Re2 Qf5 39. Nd4 Qh3+
40. Kf3 Rg8 41. Rg2 Nd2+ 42. Kf2 Ne4+ 43. Kg1 Rh8 44. Kf1 Qh1+ 45. Rg1 Nxg3+
46. Kf2 Rh2+ 47. Kxg3 Qxg1+ 48. Kf4 Rf2+ 49. Nf3 Qh2+ 50. Kg4 Rg2+ 51. Kf5 Qh3+
52. Kf4 Rg4+ 0-1

[Event "Andorra open"]
[Site "Escaldes"]
[Date "2023.07.24"]
[Round "3.20"]
[White "Redondo Flores, David"]
[Black "Krivenko, Dion"]
[Result "0-1"]
[WhiteElo "1951"]
[BlackElo "2250"]
[PlyCount "48"]
[EventDate "2023.07.22"]
[EventCountry "AND"]

1. e4 Nc6 2. Nf3 d6 3. Bc4 Nf6 4. Nc3 Bg4 5. h3 Bxf3 6. gxf3 e6 7. a3 d5 8. Ba2
d4 9. Ne2 Ne5 10. Ng3 d3 11. c3 Ng6 12. Qb3 Be7 13. Nf5 O-O 14. Nxe7+ Qxe7 15.
Qxb7 Qc5 16. Qa6 Rad8 17. Bb3 Nh4 18. Bd1 Qg5 19. Qxa7 Qg2 20. Rf1 Qxh3 21. Rg1
Ng2+ 22. Kf1 Ne3+ 23. Ke1 Qf1+ 24. Rxf1 Ng2# 0-1

[Event "Andorra open"]
[Site "Escaldes"]
[Date "2023.07.25"]
[Round "4.1"]
[White "Christiansen, Johan-Sebastian"]
[Black "Almeida Quintana, Omar"]
[Result "1/2-1/2"]
[WhiteElo "2603"]
[BlackElo "2508"]
[PlyCount "105"]
[EventDate "2023.07.22"]
[EventCountry "AND"]

1. e4 d6 2. d4 Nf6 3. Nc3 e5 4. Nf3 Nbd7 5. g4 Nxg4 6. Rg1 Ngf6 7. Bc4 h6 8.
Be3 c6 9. dxe5 dxe5 10. Qd3 b5 11. Bb3 Ba6 12. a4 Qa5 13. Ke2 b4 14. Nb5 O-O-O
15. Nxa7+ Kb7 16. Bc4 Bxc4 17. Qxc4 Bc5 18. Bxc5 Qxc5 19. Qxc5 Nxc5 20. Nxc6
Kxc6 21. Nxe5+ Kc7 22. Nxf7 g5 23. f3 Ne6 24. Nxh8 Nd4+ 25. Kf2 Rxh8 26. h4 Rf8
27. hxg5 hxg5 28. Rad1 Ne6 29. Ke3 Nd7 30. b3 Ne5 31. Rg3 Rh8 32. Rd5 Nc6 33.
Rgxg5 Nxg5 34. Rxg5 Rh2 35. Rc5 Kd6 36. Rc4 Rh3 37. Kf2 Ne5 38. Rd4+ Kc6 39.
Rxb4 Rxf3+ 40. Ke2 Rh3 41. Kd2 Kc5 42. Rb7 Kd4 43. a5 Rh2+ 44. Kc1 Nc6 45. Rb5
Kxe4 46. Rc5 Ne5 47. a6 Kd4 48. a7 Rh8 49. Rc7 Kd5 50. b4 Kd6 51. Rb7 Nc4 52.
c3 Ra8 53. Rh7 1/2-1/2

[Event "Andorra open"]
[Site "Escaldes"]
[Date "2023.07.25"]
[Round "4.2"]
[White "Rasmussen, Allan Stig"]
[Black "Roshka, Yevgeniy"]
[Result "0-1"]
[WhiteElo "2531"]
[BlackElo "2496"]
[PlyCount "94"]
[EventDate "2023.07.22"]
[EventCountry "AND"]

1. e4 c5 2. Nf3 d6 3. d4 cxd4 4. Nxd4 Nf6 5. Nc3 Nc6 6. Be2 e5 7. Nf3 h6 8. O-O
Be6 9. Qd3 Be7 10. Rd1 O-O 11. a3 a6 12. h3 b5 13. Qe3 Qc7 14. b4 Nb8 15. a4
bxa4 16. Rxa4 Qb7 17. Ba3 Nbd7 18. b5 axb5 19. Bxb5 Rxa4 20. Bxa4 Qa6 21. Bxd7
Nxd7 22. Nd5 Bxd5 23. Rxd5 Rc8 24. Qd3 Rc6 25. Bb4 Qxd3 26. Rxd3 Nf6 27. Nd2
Rxc2 28. f3 Nh5 29. Ra3 Bg5 30. Nf1 Nf4 31. Ne3 Ne2+ 32. Kf1 Ng3+ 33. Kg1 Rc1+
34. Kf2 Bh4 35. Nd5 Nxe4+ 36. Ke3 Nc5 37. Ra8+ Kh7 38. Ra7 Rc2 39. Bxc5 Rxc5
40. Nb6 f5 41. Nd7 Rc2 42. Ra8 Kg6 43. g4 Bg5+ 44. Kd3 Rd2+ 45. Kc4 Be7 46. Ra7
fxg4 47. hxg4 Kf7 0-1

[Event "Andorra open"]
[Site "Escaldes"]
[Date "2023.07.25"]
[Round "4.3"]
[White "Lubbe, Nikolas"]
[Black "Cuartas, Jaime Alexander"]
[Result "1/2-1/2"]
[WhiteElo "2501"]
[BlackElo "2526"]
[PlyCount "184"]
[EventDate "2023.07.22"]
[EventCountry "AND"]

1. d4 Nf6 2. Nf3 d5 3. c4 c6 4. e3 Bf5 5. Nc3 e6 6. Nh4 Bg6 7. Nxg6 hxg6 8. Qb3
Qc7 9. Bd2 Nbd7 10. cxd5 exd5 11. Rc1 Qb6 12. Qc2 Bd6 13. h3 O-O 14. Be2 Rfe8
15. a3 Qd8 16. h4 Qe7 17. Kf1 a6 18. g3 b5 19. h5 gxh5 20. Bxh5 Nb6 21. Re1 Nc4
22. Bc1 b4 23. axb4 Bxb4 24. Bf3 Nd6 25. Kg2 g6 26. Rh4 Nde4 27. Reh1 Bxc3 28.
bxc3 Kg7 29. Be2 Qc7 30. c4 Qd6 31. Bd3 a5 32. R4h3 Rh8 33. c5 Qc7 34. Rxh8
Rxh8 35. Rxh8 Kxh8 36. Qb3 Kg7 37. Be2 Nxg3 38. Ba6 Nf5 39. Qb7 Qd8 40. f3 Qe8
41. Kf2 Qh8 42. Qxc6 Qh2+ 43. Ke1 Qg1+ 44. Bf1 Nxe3 45. Qa6 Nxf1 46. Qxf1 Qxf1+
47. Kxf1 Kf8 48. Ke2 Ke8 49. Ke3 Ng8 50. Bd2 a4 51. Kd3 Kd7 52. Kc3 Ne7 53. Be3
Nc6 54. Bf2 g5 55. Kb2 Nb4 56. Ka3 Nd3 57. Be3 f6 58. Kxa4 Kc6 59. Bd2 Nf2 60.
Kb3 Nh3 61. Kc2 Ng1 62. f4 g4 63. Be3 Ne2 64. Kd3 Ng3 65. Bf2 Nf5 66. Ke2 Kb5
67. Kf1 Ng7 68. Bh4 Nh5 69. f5 Kc6 70. Kf2 Kd7 71. Ke3 Ke7 72. Be1 Kd8 73. Ba5+
Kd7 74. Be1 g3 75. Kf3 Ng7 76. Bxg3 Nxf5 77. Bf2 Ne7 78. Kf4 Ke6 79. Kg4 Nc6
80. Bg1 Nb4 81. Be3 Kf7 82. Kh5 Nc6 83. Bf2 Nd8 84. Bg1 Nc6 85. Bf2 f5 86. Kg5
Ke6 87. Be3 Nb4 88. Bg1 Nd3 89. Be3 Ne1 90. Bf2 Nd3 91. Be3 Ne1 92. Bf2 Nd3
1/2-1/2

[Event "Andorra open"]
[Site "Escaldes"]
[Date "2023.07.25"]
[Round "4.4"]
[White "Sumets, Andrey"]
[Black "Lopez Martinez, Josep Manuel"]
[Result "1-0"]
[WhiteElo "2515"]
[BlackElo "2458"]
[PlyCount "81"]
[EventDate "2023.07.22"]
[EventCountry "AND"]

1. d4 Nf6 2. c4 e6 3. Nf3 Bb4+ 4. Nbd2 O-O 5. a3 Be7 6. e4 d6 7. Be2 Nfd7 8. b4
e5 9. d5 a5 10. Bb2 c6 11. O-O c5 12. bxa5 Rxa5 13. Nb1 Nb6 14. Nc3 f5 15. Nd2
f4 16. a4 Ra8 17. Nb5 Kh8 18. Kh1 Na6 19. Bg4 Bxg4 20. Qxg4 Nb4 21. Qd1 Nd7 22.
Bc3 Nf6 23. Bxb4 cxb4 24. Qb3 b6 25. Qxb4 f3 26. Nxf3 Nxe4 27. Ra3 Qd7 28. Kg1
h6 29. Nd2 Nxd2 30. Qxd2 Rf4 31. Qd3 Qc8 32. Rc1 Qc5 33. Ra2 Rc8 34. Rac2 Bg5
35. g3 Rxf2 36. Rxf2 Bxc1 37. Kg2 Be3 38. Rf7 Bd4 39. Qg6 e4 40. Nxd6 Ra8 41.
Rd7 1-0

[Event "Andorra open"]
[Site "Escaldes"]
[Date "2023.07.25"]
[Round "4.5"]
[White "Kogan, Arthur"]
[Black "Lever, Erwan"]
[Result "1-0"]
[WhiteElo "2482"]
[BlackElo "2252"]
[PlyCount "69"]
[EventDate "2023.07.22"]
[EventCountry "AND"]

1. e4 c5 2. Nf3 e6 3. d4 cxd4 4. Nxd4 a6 5. Qf3 Bc5 6. Nb3 Ba7 7. Be3 Ne7 8.
Bxa7 Rxa7 9. Qg3 Nbc6 10. Qxg7 Rg8 11. Qxh7 Nb4 12. Na3 b5 13. c3 Nbc6 14. Nc2
b4 15. c4 Qc7 16. Qh5 Ng6 17. g3 Bb7 18. Qc5 d6 19. Qe3 Ra8 20. f4 Nge7 21.
O-O-O Na5 22. Nxa5 Qxa5 23. Kb1 Rd8 24. Bg2 Nc6 25. Rd3 e5 26. f5 Qc7 27. Rhd1
Rh8 28. h3 a5 29. c5 dxc5 30. Qxc5 Rxd3 31. Rxd3 Rh6 32. Ne3 Qe7 33. Qxe7+ Kxe7
34. f6+ Ke6 35. Nf5 1-0

[Event "Andorra open"]
[Site "Escaldes"]
[Date "2023.07.25"]
[Round "4.6"]
[White "Arpan, Das (Jr)"]
[Black "Galperin, Platon"]
[Result "0-1"]
[WhiteElo "2365"]
[BlackElo "2566"]
[PlyCount "98"]
[EventDate "2023.07.22"]
[EventCountry "AND"]

1. e4 e5 2. Nf3 Nc6 3. Bb5 f5 4. d3 fxe4 5. dxe4 Nf6 6. O-O d6 7. Nc3 Be7 8. h3
O-O 9. Bc4+ Kh8 10. Ng5 Qe8 11. Ne6 Bxe6 12. Bxe6 Nd4 13. Bc4 b5 14. Bd3 c6 15.
f4 Ne6 16. a4 b4 17. Ne2 d5 18. exd5 Nxd5 19. f5 Nc5 20. Ng3 Rd8 21. Qe2 b3 22.
Bc4 e4 23. c3 Bd6 24. Nh5 Qe5 25. g4 Nd3 26. Bxd3 exd3 27. Qxe5 Bxe5 28. Bg5
Rde8 29. Rad1 g6 30. Nf4 Bxf4 31. Bxf4 gxf5 32. Rxd3 fxg4 33. Be5+ Kg8 34.
Rxf8+ Kxf8 35. Bd6+ Kg8 36. c4 Re3 37. Rd4 Nc3 38. Rxg4+ Kf7 39. Ba3 Re1+ 40.
Kh2 Nxa4 41. c5 Re2+ 42. Kg1 Nxb2 43. Rb4 Ke6 44. Rxb3 Nc4 45. Rc3 Kd5 46. Bc1
Kd4 47. Kf1 Kxc3 48. Kxe2 Kc2 49. Bg5 a5 0-1

[Event "Andorra open"]
[Site "Escaldes"]
[Date "2023.07.25"]
[Round "4.7"]
[White "Vestby-Ellingsen, Mads"]
[Black "Arizmendi Martinez, Julen Luis"]
[Result "1/2-1/2"]
[WhiteElo "2358"]
[BlackElo "2501"]
[PlyCount "98"]
[EventDate "2023.07.22"]
[EventCountry "AND"]

1. d4 d5 2. c4 e6 3. Nf3 Nf6 4. Nc3 Be7 5. Bf4 O-O 6. e3 c5 7. dxc5 Bxc5 8. Qc2
Nc6 9. a3 Re8 10. Bg5 d4 11. O-O-O e5 12. Nd5 b5 13. Bh4 Be6 14. Nxf6+ gxf6 15.
cxb5 Na5 16. Kb1 Qd5 17. b4 Bf5 18. Bd3 e4 19. Qa2 Qxa2+ 20. Kxa2 exd3 21. bxc5
dxe3 22. fxe3 Rxe3 23. Nd4 Bg4 24. Bf2 Be6+ 25. Kb2 Re5 26. Kc3 Rxc5+ 27. Kb4
Nb7 28. Nxe6 Rc2 29. Nc5 a5+ 30. Ka4 Nxc5+ 31. Bxc5 Rc4+ 32. Kb3 Rxc5 33. Rxd3
Rxb5+ 34. Ka4 Rg5 35. Rg3 Rxg3 36. hxg3 Rd8 37. Kxa5 Rd3 38. a4 Rxg3 39. Rh2
Rb3 40. Ka6 Rb2 41. a5 Kg7 42. Rh5 Rxg2 43. Kb6 Kg6 44. Rc5 Rb2+ 45. Rb5 Re2
46. a6 Re6+ 47. Ka5 Re7 48. Rb7 Re5+ 49. Rb5 Re7 1/2-1/2

[Event "Andorra open"]
[Site "Escaldes"]
[Date "2023.07.25"]
[Round "4.8"]
[White "Zoler, Dan"]
[Black "Palacios Herrero, Pablo"]
[Result "1-0"]
[WhiteElo "2461"]
[BlackElo "2197"]
[PlyCount "57"]
[EventDate "2023.07.22"]
[EventCountry "AND"]

1. d4 d5 2. c4 e6 3. Nf3 Nf6 4. Nc3 Bb4 5. Bd2 O-O 6. e3 Re8 7. Rc1 c6 8. Bd3
Nbd7 9. O-O Bd6 10. e4 e5 11. cxd5 cxd5 12. Bg5 dxe4 13. Nxe4 Be7 14. Nxf6+
Bxf6 15. Bxf6 Qxf6 16. Re1 g6 17. Qa4 Re7 18. Qa5 e4 19. Bxe4 Nb6 20. h3 Qf4
21. g3 Qh6 22. Qc5 Re8 23. h4 Rxe4 24. Rxe4 Bf5 25. Re7 Nd5 26. Rxb7 Rc8 27.
Qxc8+ Bxc8 28. Rxc8+ Kg7 29. Ng5 1-0

[Event "Andorra open"]
[Site "Escaldes"]
[Date "2023.07.25"]
[Round "4.9"]
[White "Ohler, Julius"]
[Black "Defromont, Benjamin"]
[Result "1/2-1/2"]
[WhiteElo "2141"]
[BlackElo "2445"]
[PlyCount "81"]
[EventDate "2023.07.22"]
[EventCountry "AND"]

1. c4 e5 2. Nc3 Bb4 3. g3 Nf6 4. Bg2 O-O 5. Nd5 Nxd5 6. cxd5 d6 7. e3 f5 8. a3
Ba5 9. b4 Bb6 10. Bb2 f4 11. gxf4 exf4 12. Qh5 Rf5 13. Qe2 fxe3 14. dxe3 Nd7
15. Bh3 Rf8 16. Be6+ Kh8 17. Nf3 Ne5 18. Nxe5 dxe5 19. Rg1 Qf6 20. f4 Bxe6 21.
Bxe5 Qh4+ 22. Kd2 Rg8 23. dxe6 Qh3 24. Rg3 Rad8+ 25. Ke1 Qxe6 26. Qb2 Qe7 27.
Ke2 Rd7 28. Rag1 Qf8 29. h4 c6 30. h5 Qf5 31. Kf2 h6 32. Rxg7 Rgxg7 33. Bxg7+
Kh7 34. Be5 Qe4 35. Qb3 Rd2+ 36. Ke1 Rd5 37. Rg7+ Kh8 38. Rg6+ Kh7 39. Rg7+ Kh8
40. Rg6+ Kh7 41. Rg7+ 1/2-1/2

[Event "Andorra open"]
[Site "Escaldes"]
[Date "2023.07.25"]
[Round "4.10"]
[White "Bilych, Olexiy"]
[Black "Deshmukh, Anup"]
[Result "1-0"]
[WhiteElo "2437"]
[BlackElo "2121"]
[PlyCount "81"]
[EventDate "2023.07.22"]
[EventCountry "AND"]

1. d4 Nf6 2. c4 c6 3. Nc3 d5 4. Nf3 a6 5. c5 g6 6. h3 Bg7 7. Bf4 O-O 8. e3 Nfd7
9. Be2 e5 10. Bg3 b6 11. cxb6 Qxb6 12. Rb1 exd4 13. exd4 Nf6 14. O-O Bf5 15.
Na4 Qa7 16. Rc1 Ne4 17. Bf4 Rc8 18. Ne5 g5 19. Bg4 Be6 20. Bxe6 fxe6 21. Qg4
Re8 22. Be3 h6 23. Nxc6 Nxc6 24. Rxc6 Qf7 25. Rfc1 Ra7 26. Nc5 Nf6 27. Qf3 a5
28. b3 Rae7 29. Nd3 Qg6 30. Ne5 Qf5 31. Ra6 Ne4 32. Rxa5 Qh7 33. Ra6 h5 34.
Rac6 Bxe5 35. dxe5 Qg6 36. Rc8 g4 37. hxg4 hxg4 38. Qf4 g3 39. f3 Qh5 40. fxe4
Qh2+ 41. Kf1 1-0

[Event "Andorra open"]
[Site "Escaldes"]
[Date "2023.07.25"]
[Round "4.11"]
[White "Miranda Mesa, Elier"]
[Black "Persson, Andreas"]
[Result "1-0"]
[WhiteElo "2503"]
[BlackElo "2135"]
[PlyCount "71"]
[EventDate "2023.07.22"]
[EventCountry "AND"]

1. e4 c6 2. Nc3 d5 3. Nf3 dxe4 4. Nxe4 Nf6 5. Nxf6+ exf6 6. d4 Bd6 7. Bd3 O-O
8. O-O Bg4 9. h3 Bh5 10. Be3 Nd7 11. c4 Re8 12. Be2 f5 13. Re1 Nf6 14. Qc2 Ne4
15. Qb3 f4 16. Bc1 Qa5 17. Rf1 Nc3 18. bxc3 Rxe2 19. Qxb7 Rae8 20. Qxc6 Qxc3
21. Bd2 Qa3 22. Rae1 Bf8 23. Rxe2 Rxe2 24. Bxf4 Rxa2 25. c5 Ra1 26. g4 Bg6 27.
Rxa1 Qxa1+ 28. Kg2 Bd3 29. Bd6 Qf1+ 30. Kg3 h5 31. Qe8 h4+ 32. Nxh4 Qg1+ 33.
Ng2 Bf1 34. Qxf8+ Kh7 35. Qa8 a5 36. Qe4+ 1-0

[Event "Andorra open"]
[Site "Escaldes"]
[Date "2023.07.25"]
[Round "4.12"]
[White "Yuste Valenzuela, Alejandro"]
[Black "Shyaamnikhil, P.."]
[Result "0-1"]
[WhiteElo "2146"]
[BlackElo "2473"]
[PlyCount "70"]
[EventDate "2023.07.22"]
[EventCountry "AND"]

1. e4 c5 2. Nf3 d6 3. d4 cxd4 4. Nxd4 Nf6 5. Nc3 a6 6. Rg1 e5 7. Nb3 h5 8. h3
h4 9. Bg5 Be7 10. Qd2 Nbd7 11. O-O-O b5 12. a3 Bb7 13. Kb1 Bxe4 14. Bxf6 Nxf6
15. f4 Bc6 16. Qe3 Qc7 17. Re1 e4 18. Nd4 d5 19. Nce2 Bd7 20. Qb3 Rb8 21. g3 b4
22. a4 hxg3 23. Rxg3 Ng8 24. f5 Rh7 25. Rg2 Bd6 26. Qe3 Bxa4 27. Nc1 Bd7 28.
Be2 a5 29. Reg1 Bf4 30. Qf2 a4 31. Bd1 Bh6 32. Nce2 Kf8 33. Ng3 Qf4 34. Qe1
Qc1+ 35. Ka2 a3 0-1

[Event "Andorra open"]
[Site "Escaldes"]
[Date "2023.07.25"]
[Round "4.13"]
[White "Gomez Anadon, Daniel"]
[Black "Decuigniere, Tom"]
[Result "0-1"]
[WhiteElo "2127"]
[BlackElo "2393"]
[PlyCount "56"]
[EventDate "2023.07.22"]
[EventCountry "AND"]

1. e4 c6 2. Nc3 d5 3. Nf3 dxe4 4. Nxe4 Nf6 5. Qe2 Nxe4 6. Qxe4 Nd7 7. Bc4 Nf6
8. Ne5 e6 9. Qe2 b5 10. Bd3 Qc7 11. a4 Bd6 12. Nxc6 b4 13. Nd4 a6 14. Nf5 Bb7
15. Nxd6+ Qxd6 16. O-O h5 17. Qe3 Rd8 18. f3 h4 19. Re1 h3 20. g3 Qc6 21. Rf1
Rh5 22. b3 Ng4 23. Qa7 Rxd3 24. cxd3 Rf5 25. Qd4 Rxf3 26. Qxg4 Rxf1+ 27. Kxf1
Qg2+ 28. Ke1 Bf3 0-1

[Event "Andorra open"]
[Site "Escaldes"]
[Date "2023.07.25"]
[Round "4.14"]
[White "Romero Pallares, Daniel"]
[Black "Fortuny Profitos, Jordi"]
[Result "1-0"]
[WhiteElo "2275"]
[BlackElo "2154"]
[PlyCount "83"]
[EventDate "2023.07.22"]
[EventCountry "AND"]

1. d4 Nf6 2. Nf3 g6 3. Nc3 d5 4. Bf4 Bg7 5. Nb5 Na6 6. e3 c6 7. Nc3 Nc7 8. h3
O-O 9. Bd3 Nce8 10. O-O Nd6 11. Be5 Bf5 12. a4 a5 13. b3 Be4 14. Ng5 Bxd3 15.
cxd3 Nfe8 16. Bxg7 Kxg7 17. Nf3 Nc7 18. Re1 f6 19. e4 Nf7 20. Rb1 dxe4 21. dxe4
e5 22. b4 exd4 23. Ne2 axb4 24. Rxb4 c5 25. Rxb7 Nd6 26. Rb2 Nxe4 27. Qc2 f5
28. Nf4 Qd6 29. Nd3 Rfb8 30. Rxb8 Rxb8 31. Nfe5 Nd5 32. Qc4 Re8 33. a5 Re7 34.
f3 Ne3 35. Rxe3 dxe3 36. fxe4 Rxe5 37. Qc3 e2 38. Kf2 Qxd3 39. Qxd3 c4 40. Qc3
Kf6 41. a6 Ke6 42. Qxe5+ 1-0

[Event "Andorra open"]
[Site "Escaldes"]
[Date "2023.07.25"]
[Round "4.15"]
[White "Hristodorescu, Daniel"]
[Black "Martinez Pla, Xavier"]
[Result "1-0"]
[WhiteElo "2104"]
[BlackElo "2268"]
[PlyCount "96"]
[EventDate "2023.07.22"]
[EventCountry "AND"]

1. e4 c5 2. Nf3 e6 3. d4 cxd4 4. Nxd4 Nc6 5. Nc3 Qc7 6. Be3 a6 7. g4 b5 8. Nxc6
Qxc6 9. Bg2 Bb7 10. a3 Rc8 11. O-O h6 12. Bd4 Nf6 13. Re1 Be7 14. Qf3 d6 15.
Rad1 O-O 16. h4 Nd7 17. Qg3 Qc7 18. g5 hxg5 19. hxg5 g6 20. Qh4 e5 21. Be3 Rfe8
22. Bh3 Bf8 23. Nd5 Bxd5 24. Rxd5 Rcd8 25. Bxd7 Rxd7 26. c3 Qb7 27. Kg2 Qc6 28.
Rh1 Bg7 29. Qh7+ Kf8 30. Rhd1 Re6 31. f3 Rd8 32. R1d2 Rd7 33. a4 bxa4 34. Bc5
Rd8 35. Ba3 Rd7 36. R2d3 Rd8 37. Kg3 Qb6 38. Bc5 Qc6 39. c4 Rd7 40. Ba3 Qb6 41.
c5 Qc6 42. Rc3 Qb5 43. Rcd3 Qc6 44. Rxd6 Rexd6 45. cxd6 Qa8 46. Qh1 Kg8 47. Qc1
Bf8 48. Rc3 Qe8 {(resto ilegible)} 1-0

[Event "Andorra open"]
[Site "Escaldes"]
[Date "2023.07.25"]
[Round "4.16"]
[White "Ribera Veganzones, Serni"]
[Black "Garcia Paolicchi, Raul"]
[Result "1-0"]
[WhiteElo "2259"]
[BlackElo "2055"]
[PlyCount "65"]
[EventDate "2023.07.22"]
[EventCountry "AND"]

1. e4 c6 2. d4 d5 3. e5 c5 4. c3 Nc6 5. Be2 Bf5 6. Nf3 e6 7. O-O Qb6 8. dxc5
Bxc5 9. b4 Be7 10. Be3 Qd8 11. b5 Nb8 12. Nbd2 Nd7 13. c4 Nb6 14. c5 Nc8 15.
Nd4 Bg6 16. c6 b6 17. f4 Bc5 18. N2b3 Nge7 19. Nxc5 bxc5 20. Nb3 c4 21. Nc5 O-O
22. a4 Re8 23. Qd2 Nf5 24. Bf2 f6 25. g4 Nh6 26. exf6 gxf6 27. Bf3 f5 28. g5
Nf7 29. Rfe1 Qd6 30. Rad1 Nd8 31. Nd7 Kf7 32. Bc5 Qc7 33. Qd4 1-0

[Event "Andorra open"]
[Site "Escaldes"]
[Date "2023.07.25"]
[Round "4.17"]
[White "Pham Guerrero, Sergi"]
[Black "Urriza Iricibar, Pablo"]
[Result "1-0"]
[WhiteElo "2071"]
[BlackElo "2257"]
[PlyCount "69"]
[EventDate "2023.07.22"]
[EventCountry "AND"]

1. e4 c5 2. Nc3 e6 3. Nge2 d6 4. g3 a6 5. Bg2 Nf6 6. O-O Be7 7. d3 Nc6 8. f4
O-O 9. h3 d5 10. a4 Rb8 11. g4 d4 12. Nb1 e5 13. f5 h6 14. Nd2 Nh7 15. Nf3 b5
16. axb5 axb5 17. Rf2 c4 18. Ng3 Bd7 19. Bf1 Ng5 20. Nxg5 hxg5 21. Nh5 c3 22.
b3 f6 23. h4 gxh4 24. Rh2 Ra8 25. Rxa8 Qxa8 26. Qe1 Kf7 27. Qxh4 Rh8 28. g5 Qa1
29. g6+ Kf8 30. Qe1 Kg8 31. Nxg7 Rxh2 32. Kxh2 Ba3 33. Qh4 Qxc1 34. Qh7+ Kf8
35. Nh5 1-0

[Event "Andorra open"]
[Site "Escaldes"]
[Date "2023.07.25"]
[Round "4.18"]
[White "Lubbe, Melanie"]
[Black "Cano Sevilla, Ivan"]
[Result "1/2-1/2"]
[WhiteElo "2256"]
[BlackElo "2074"]
[PlyCount "86"]
[EventDate "2023.07.22"]
[EventCountry "AND"]

1. e4 c5 2. Nf3 g6 3. d4 cxd4 4. Nxd4 Nc6 5. c4 Nf6 6. Nc3 d6 7. Be2 Nxd4 8.
Qxd4 Bg7 9. Be3 O-O 10. Qd3 Be6 11. O-O Qa5 12. Bd4 Nd7 13. Bxg7 Kxg7 14. b3
Rac8 15. Nb5 a6 16. Nd4 Nc5 17. Qe3 Bd7 18. a3 Ne6 19. b4 Qe5 20. Nxe6+ Qxe6
21. Rfd1 f5 22. Qd4+ Kg8 23. c5 Bb5 24. Bf3 dxc5 25. bxc5 fxe4 26. Bxe4 Bc6 27.
Bxc6 Rxc6 28. Rac1 Rfc8 29. Rc3 Qf6 30. Qd5+ Qf7 31. Qg5 Qf6 32. Qe3 b6 33.
Rcd3 Rxc5 34. Rd7 Re5 35. Qd2 Qe6 36. h3 Re2 37. Qd4 Rf8 38. Rd8 Re1+ 39. Rxe1
Qxe1+ 40. Kh2 Qe6 41. Rxf8+ Kxf8 42. Qh8+ Qg8 43. Qd4 Qe6 1/2-1/2